womens football careers - Statistics

General Stats
  • This quiz has been taken 797 times
  • The average score is 17 of 26
Answer Stats
football career nation player % Correct
Arsenal english Leah Williamson
97%
Sunderland - Everton - Liverpool - Man City - Olympique Lyon - Man City - Barcelona english Lucy Bronze
92%
Man City - Barcelona english Keira Walsh
90%
Man City - Bayern Munich english Georgia Stanway
85%
Perth Glory - Sydney - Western New York Flash - NJ/NY Gotham - Chicago Red Stars - Chelsea australian Sam Kerr
85%
Chelsea - Brighton & Hove Albion - Man United - Arsenal english Alessia Russo
84%
Twente - Bayern Munich - Arsenal - Wolfsburg - Man City dutch Jill Roord
78%
Sunderland - Arsenal english Beth Mead
76%
Bayern Munich - Arsenal dutch Vivianne Miedema
76%
Eindhoven - BK Häcken - Arsenal - Olympique Lyon dutch Danielle van de Donk
75%
Western Sydney Wanderers - Canberra United - Portland Thorns - Melbourne City - Olympique Lyon australian Ellie Carpenter
75%
Sunderland - Arsenal - Aston Villa english Jordan Nobbs
75%
Turbine Potsdam - Arsenal swiss Lia Wälti
74%
Linköpings - Wolfsburg - Chelsea - Bayern Munich danish Pernille Harder
66%
Barcelona - Madrid CFF - UD Levante - Man United - Barcelona spanish Ona Batlle
65%
Linköpings - Bayern Munich - Wolfsburg - Barcelona swedish Fridolina Rolfö
63%
Man City - Man United english Ella Toone
62%
Linköpings - Chelsea - Bayern Munich swedish Magdalena Eriksson
61%
Birmingham City - Reading - Wolfsburg - Man United english Mary Earps
59%
FCR Duisburg - Wolfsburg german Alexandra Popp
55%
Turbine Potsdam - Olympique Lyon norwegian Ada Hegerberg
49%
SGS Essen - Wolfsburg german Lena Oberdorf
43%
Freiburg - Bayern Munich - Chelsea german Melanie Leupolz
28%
Hoffenheim - Wolfsburg german Jule Brand
22%
Wolfsburg - Freiburg - Bayern Munich german Lina Magull
20%
Wolfsburg - Freiburg - Eintracht Frankfurt - Wolfsburg german Merle Frohms
17%
No matching quizzes found
Score Distribution
Percent of People with Each Score
Percentile by Number Answered
Your Score History
You have not taken this quiz